| 000 | 00566nam a22002177a 4500 | ||
|---|---|---|---|
| 003 | OSt | ||
| 005 | 20140310181935.0 | ||
| 008 | 130723t xxu||||| |||| 00| 0 eng d | ||
| 020 | _a1854712411 | ||
| 050 |
_aPZ 7 _b.G742 1994 |
||
| 082 |
_aCLA _bG76w 1994 |
||
| 100 |
_aGrahame, Kenneth _93292 |
||
| 245 |
_aThe wind in the willows / _cKenneth Grahame. |
||
| 260 |
_aLondon : _bBloomsbury books, _c1994. |
||
| 300 |
_a192 p. ; _c18 cm. |
||
| 541 | _j1 | ||
| 562 | _e1 | ||
| 650 |
_aFantasy _93293 |
||
| 700 |
_aGrahame, Kenneth _93294 |
||
| 942 |
_2lcc _cBK _kCLA |
||
| 999 |
_c7510 _d7510 |
||